| 000 | 00653ntaaa2200205 4500 | ||
|---|---|---|---|
| 003 | 01 | ||
| 005 | 20251027203206.0 | ||
| 008 | 0714s1973 ag 01 | ||
| 020 | _a9500725851 | ||
| 040 |
_aAR-BaBN _bspa _cAR-BaBN _eaacr _dRIC |
||
| 082 | _a290.982 B47h | ||
| 100 |
_aBianchi, Susana _933619 |
||
| 245 |
_aHistoria de las religiones en la Argentina / _cSusana Bianchi, |
||
| 250 | _a1 ed | ||
| 260 |
_aBuenos Aires : _bEditorial Sudamericana, _c2004 |
||
| 300 |
_a364 p ; _ctablas; 19,5 cm |
||
| 500 | _aEnsayo Bibliografico [Bibliografia anotada] p. 323-361. Glosario p.305-321 | ||
| 650 |
_aARGENTINA-HISTORIA DE LAS RELIGIONES _933620 |
||
| 942 | _cBK | ||
| 999 |
_c27383 _d27383 |
||